01005 a2200241 4500003000500000005001700005010001600022020001500038040000900053082001500062100003000077245007100107250001200178260005500190300004600245505023700291650002500528700002300553700003000576942001400606999001900620952012400639Nust20230608124820.0 a 93031795 a0805360476 cNust00a005.74,MCF1 aFred R McFadden.,911309410aModern database management /cFred R. McFadden, Jeffrey A. Hoffer. a4th ed. aRedwood City, Calif. :bBenjamin/Cummings,cc1994. axxv, 597 p. :bill. (some col.) ;c29 cm. aThe Context of Database Development (Page-2), Data Modeling snd Database Design (Page-120), Relational Database Implementation (Page-280), Data Administration snd Distributed Databases (Page-422), Legacy Database Systems (Page-490). 0aDatabase management.1 aHoffer, Jeffrey A.1 aMcFadden, Fred R.,d1933- 2ddccBKB  c189120d189120 00102ddc4070aMCSbMCScGENd2016-12-12o005.74,MCFpMCS34839r2016-12-08w2016-12-12yBKzAlmirah No.81, Shelf No.3